000 00768nam a22002177a 4500
005 20150526155956.0
008 140714b xxu||||| |||| 00| 0 Urdu d
010 _aUR-8977
020 _c100.00
035 _aU-7532
037 _bBPPD/Pub/Ven
040 _aDPL
_bUrdu
082 _a841.08
100 _aمحمد شر ف الد ين سا حل
245 _aعا د ل نا گپو ر ی:شخص ،شا عر نثر نگا ر
_cمحمد شر ف الد ين سا حل
246 h _aAadil Nagpuri :Shakhs,Shaiyer,Naser Nigar
_bBy Mohd. Sharfuddin Sahil
260 _bAleem Printers Haideri
_c2011
_aNagpur
270 _aHaideri Road Mominpura
_bNagpur
_k09049754022
_e440018
300 _a208ص
_c22Cm (Hb)
942 _2ddc
_cUR
_e
_h841.08
_mم ح م
999 _c93950
_d93950